Overcoming vulnerability to rising oil prices : (Record no. 15112)

000 -LEADER
fixed length control field 00797nam a2200229Ia 4500
020 ## - INTERNATIONAL STANDARD BOOK NUMBER
ISBN 9789211262131
020 ## - INTERNATIONAL STANDARD BOOK NUMBER
ISBN 9211262135
040 ## - CATALOGING SOURCE
Transcribing agency NTE
082 ## - DEWEY DECIMAL CLASSIFICATION NUMBER
Classification number 338 UND 2007 A073 Or.
245 00 - TITLE STATEMENT
Title Overcoming vulnerability to rising oil prices :
Remainder of title options for Asia and the Pacific
260 ## - PUBLICATION, DISTRIBUTION, ETC. (IMPRINT)
Place of publication Bangkok, Thailand :
Name of publisher UNDP Regional Centre in Bangkok,
Year of publication c2007
300 ## - PHYSICAL DESCRIPTION
Number of Pages xv, 149 p. :
Other physical details col. ill., map ;
Dimensions 28 cm
500 ## - GENERAL NOTE
General note "Regional Energy Programme for Poverty Reduction."
500 ## - GENERAL NOTE
General note "Sales No.: E.08.III.B.5"--T.p. verso
650 #0 - SUBJECT ADDED ENTRY--TOPICAL TERM
Topical Term Petroleum products
650 #0 - SUBJECT ADDED ENTRY--TOPICAL TERM
Topical Term Petroleum products
650 #0 - SUBJECT ADDED ENTRY--TOPICAL TERM
Topical Term Petroleum products
650 #0 - SUBJECT ADDED ENTRY--TOPICAL TERM
Topical Term Petroleum products
710 2# - ADDED ENTRY--CORPORATE NAME
Corporate name or jurisdiction name as entry element Regional Energy Programme for Poverty Reduction
710 2# - ADDED ENTRY--CORPORATE NAME
Corporate name or jurisdiction name as entry element United Nations Development Programme.
942 ## - ADDED ENTRY ELEMENTS (KOHA)
Koha item type សៀវភៅភាសាអង់គ្លេស
952 ## - LOCATION AND ITEM INFORMATION (KOHA)
Withdrawn status [LOCAL, KOHA] 0
Holdings
Permanent Location Date acquired Koha item type Lost status Shelving location Barcode Current Location Full call number
Library Block A2017-11-10សៀវភៅភាសាអង់គ្លេស A078A07357Library Block A338 UND 2007 A078 Or.
មជ្ឈមណ្ឌលឯការនៃសាកលវិទ្យាល័យភូមិន្ទកសិកម្មចំការដូង

Powered by Koha